ბათუმის შოთა რუსთაველის სახელმწიფო უნივერსიტეტის ბიბლიოთეკა

Геоморфология. №2.2016. (ბიბ.ჩანაწერი № 51978)

000 -LEADER
fixed length control field 00605nam a2200217Ia 4500
001 - CONTROL NUMBER
control field 18981
003 - CONTROL NUMBER IDENTIFIER
control field GE_BSU
008 - FIXED-LENGTH DATA ELEMENTS--GENERAL INFORMATION
fixed length control field 181216s||||||||xx |||||||||||||| ||und||
040 ## - CATALOGING SOURCE
Transcribing agency GE_BSU
245 ## - TITLE STATEMENT
Title Геоморфология. №2.2016.
245 ## - TITLE STATEMENT
Statement of responsibility, etc. Гл.ред.Чичагов В.П.
250 ## - EDITION STATEMENT
Edition statement Выходит 4раза в год.
260 ## - PUBLICATION, DISTRIBUTION, ETC.
Place of publication, distribution, etc. Москва
260 ## - PUBLICATION, DISTRIBUTION, ETC.
Name of publisher, distributor, etc. Наука
260 ## - PUBLICATION, DISTRIBUTION, ETC.
Date of publication, distribution, etc. 2016
300 ## - PHYSICAL DESCRIPTION
Extent 131стр.24см.
520 ## - SUMMARY, ETC.
Summary, etc. росийская академия наук
653 ## - INDEX TERM--UNCONTROLLED
Uncontrolled term Геоморфология.
653 ## - INDEX TERM--UNCONTROLLED
Uncontrolled term პერიოდიკა
942 ## - ADDED ENTRY ELEMENTS (KOHA)
Koha item type პერიოდიკა
ეგზემპლარები
Withdrawn status Lost status Damaged status Not for loan Date acquired Barcode Date last seen Price effective from Koha item type
        2018-12-17 p77790 2018-12-17 2018-12-17 პერიოდიკა